00843cam a2200229 a 4500020002100000082001500021245003700036250005200073260005400125300003700179500006100216650001500277650001100292700002100303700001700324700002400341856006300365856005500428942000700483999001500490952010800505 a0750636246 (pbk)00a669/.02/1200aSmithells metals reference book. a7th ed / edited by E.A. Brandes and G.B. Brook. aOxford ;aBoston :bButterworth-Heinemann,c1998. a1 v. (various pagings) :bill. ; a"Paperback edition (with corrections) 1998"--T.p. verso. 0aMetallurgy 0aMetals1 aBrandes, Eric A.1 aBrook, G. B.1 aSmithells, Colin J.42uhttp://www.loc.gov/catdir/description/els032/97027401.html41uhttp://www.loc.gov/catdir/toc/els032/97027401.html cBK c3710d3710 0010708NFICaICbICcGENd2016-11-05l0o669/.02/12 SMIp002653r2016-11-05 00:00:00w2016-11-05yREF